[Event "USCL Seattle vs Dallas"]
[Site "Chess.com"]
[Date "2013.10.03"]
[Round "6"]
[White "Moon, Ryan"]
[Black "Omori, Michael"]
[Result "1/2-1/2"]
[WhiteElo "2182"]
[BlackElo "2171"]
[PlyCount "136"]
[EventDate "2013.??.??"]
[EventCountry "USA"]

{Board 4, NM Moon (Dallas Destiny) vs. Omori (Seattle Sluggers)  Time Control:
Game in 75 with 30 second increment} 1. d4 Nf6 2. c4 g6 3. Nf3 Bg7 4. g3 O-O 5.
Bg2 d6 6. O-O Nc6 7. Nc3 a6 8. b3 Rb8 9. Nd5 b5 10. Nxf6+ Bxf6 11. cxb5 Rxb5
12. Bb2 Bd7 13. Rc1 a5 14. e3 a4 15. Nd2 Na5 16. b4 Rxb4 17. Bc3 Rb5 18. Qxa4
c5 19. Ne4 Bg7 20. dxc5 Rxc5 21. Qb4 Bxc3 22. Rxc3 Nc6 23. Qb7 Rxc3 24. Nxc3
Qc8 25. Rb1 Kg7 26. Nd5 Qxb7 27. Rxb7 Rd8 28. Rc7 e6 29. Nb6 Nb8 30. Bb7 Kf6
31. a4 d5 32. Nxd7+ Nxd7 33. a5 Ke5 34. a6 Nb6 35. a7 f6 36. Rc6 Na8 37. Rc8
Rd7 38. Bxa8 Rxa7 39. Bc6 Ke4 40. Re8 Kf3 41. Bb5 e5 42. Rd8 Ra2 43. Rxd5 Rxf2
44. Bc6 e4 45. Rd1 Rg2+ 46. Kh1 f5 47. Rf1+ Rf2 48. Kg1 Rxf1+ 49. Kxf1 Kxe3 50.
Bd5 Kf3 51. Bg8 f4 52. gxf4 Kxf4 53. Bxh7 g5 54. Kg2 g4 55. Bg6 e3 56. Bd3 Kg5
57. Kg3 Kh6 58. Kxg4 Kg7 59. h4 Kh8 60. Kg5 Kg7 61. h5 Kh8 62. Kh6 Kg8 63. Be2
Kh8 64. Kg6 Kg8 65. Kf6 Kh7 66. Kf7 Kh8 67. Kf8 Kh7 68. Kf7 Kh8 1/2-1/2

[Event "USCL Los Angeles vs Carolina"]
[Site "Chess.com"]
[Date "2013.10.03"]
[Round "6"]
[White "Harmon-Vellotti, Luke"]
[Black "Schroer, Jonathan"]
[Result "1-0"]
[WhiteElo "2491"]
[BlackElo "2432"]
[PlyCount "155"]
[EventDate "2013.??.??"]
[EventCountry "USA"]

{Board 1, FM Harmon-Vellotti  (Los Angeles Vibe) vs. IM Schroer (Carolina
Cobras)  Time Control: Game in 60 with 30 second increment} 1. e4 e5 2. Nf3 Nc6
3. Bb5 a6 4. Ba4 Nf6 5. O-O Be7 6. d4 exd4 7. Re1 O-O 8. e5 Ne8 9. Bxc6 dxc6
10. Qxd4 Qxd4 11. Nxd4 f6 12. Bf4 Bc5 13. c3 fxe5 14. Bxe5 Nd6 15. Nd2 Bd7 16.
Bxd6 Bxd6 17. Ne4 Rae8 18. Rad1 c5 19. Nb3 Ba4 20. Rc1 b6 21. Nbd2 Bf4 22. g3
Rxe4 23. Nxe4 Bxc1 24. Rxc1 Bc6 25. Nd2 Rd8 26. Rc2 Re8 27. Kf1 Bb5+ 28. c4 Bd7
29. f3 Bf5 30. Rc3 Kf7 31. Kf2 Rd8 32. Ke2 g5 33. Re3 Rd4 34. b3 h6 35. Re5 Bg6
36. Re3 Bc2 37. Rc3 Bg6 38. Nf1 Bb1 39. a3 c6 40. Ne3 h5 41. Ng2 Bg6 42. h4 g4
43. fxg4 hxg4 44. Ne3 Kf6 45. b4 Bf7 46. bxc5 bxc5 47. Rc1 Ke5 48. Rh1 Ke4 49.
Rf1 Be6 50. h5 Ke5 51. h6 Rd7 52. Rh1 Rh7 53. Rh5+ Kd4 54. Kd2 a5 55. a4 Bc8
56. Rh4 Ke5 57. Nd1 Ke4 58. Ke2 Be6 59. Nf2+ Ke5 60. Ke3 Bf5 61. Rh5 Kf6 62.
Kf4 Bc2 63. Nxg4+ Ke6 64. Rxc5 Bxa4 65. Rxa5 Bd1 66. Re5+ Kf7 67. Rf5+ Ke7 68.
Nf6 Rh8 69. Kg5 Bc2 70. Re5+ Kf7 71. g4 Rd8 72. h7 Rh8 73. Ra5 Ke6 74. Ra7 Kd6
75. Kh6 Bxh7 76. Rxh7 Rc8 77. g5 Kc5 78. Nd7+ 1-0

[Event "USCL Los Angeles vs Carolina"]
[Site "Chess.com"]
[Date "2013.10.03"]
[Round "6"]
[White "Mo, Kevin"]
[Black "Remlinger, Larry"]
[Result "0-1"]
[WhiteElo "2337"]
[BlackElo "2373"]
[PlyCount "74"]
[EventDate "2013.??.??"]
[EventCountry "USA"]

{Board 2, NM Mo (Carolina Cobras) vs. IM Remlinger (Los Angeles Vibe)  Time
Control: Game in 60 with 30 second increment} 1. e4 e6 2. d4 d5 3. Nc3 Nc6 4.
Nf3 Nf6 5. e5 Ne4 6. Bd3 Bb4 7. Bd2 Nxd2 8. Qxd2 f6 9. exf6 Qxf6 10. O-O O-O
11. Rae1 a6 12. a3 Bd6 13. Nd1 g6 14. c3 Qg7 15. Qg5 Rxf3 16. gxf3 Bd7 17. Ne3
Rf8 18. Qg2 Qf6 19. Be2 Qh4 20. Ng4 Rf5 21. Kh1 Kg7 22. Rg1 Rg5 23. h3 h5 24.
f4 Rxg4 25. Bxg4 hxg4 26. Qxg4 Qxg4 27. hxg4 Bxf4 28. f3 e5 29. dxe5 Nxe5 30.
Kg2 c5 31. Re2 Bc6 32. Rge1 Kf6 33. Rd1 Bb5 34. Rf2 Nc4 35. Rb1 Ne3+ 36. Kg1 d4
37. cxd4 cxd4 0-1

[Event "USCL Los Angeles vs Carolina"]
[Site "Chess.com"]
[Date "2013.10.03"]
[Round "6"]
[White "Abrahamyan, Tatev"]
[Black "Cunningham, Robin"]
[Result "1/2-1/2"]
[WhiteElo "2429"]
[BlackElo "2225"]
[PlyCount "80"]
[EventDate "2013.??.??"]
[EventCountry "USA"]

{Board 3, WGM Abrahamyan (Los Angeles Vibe) vs. FM Cunningham (Carolina Cobras)
Time Control: Game in 60 with 30 second increment} 1. e4 Nf6 2. e5 Nd5 3. d4 d6
4. Nf3 g6 5. Bc4 c6 6. O-O dxe5 7. Nxe5 Bg7 8. Re1 O-O 9. Bb3 Bf5 10. Nd2 Nd7
11. Ndf3 Nxe5 12. Nxe5 a5 13. a3 a4 14. Ba2 Be6 15. Qe2 Nc7 16. Bxe6 Nxe6 17.
c3 Qd5 18. Nc4 Qb5 19. Be3 Rad8 20. Rad1 Rd5 21. Bc1 Rfd8 22. Ne3 Qxe2 23. Rxe2
R5d7 24. Nc4 b5 25. Ne5 Rd6 26. Rde1 c5 27. dxc5 Nxc5 28. Bf4 Ne6 29. Bg3 Rd1
30. Kf1 Bh6 31. Nc6 Rxe1+ 32. Kxe1 Rd7 33. Re5 Rb7 34. f3 Kf8 35. Bf2 Bf4 36.
Rd5 Bc1 37. Na5 Rb8 38. Nc6 Rb7 39. Na5 Rb8 40. Nc6 Rb7 1/2-1/2

[Event "USCL Los Angeles vs Carolina"]
[Site "Chess.com"]
[Date "2013.10.03"]
[Round "6"]
[White "Jones, Craig"]
[Black "Amerkeshev, Madiyar"]
[Result "0-1"]
[WhiteElo "2251"]
[BlackElo "2328"]
[PlyCount "94"]
[EventDate "2013.??.??"]
[EventCountry "USA"]

{Board 4, NM Jones (Carolina Cobras) vs. NM Amerkeshev (Los Angeles Vibe) 
Time Control: Game in 60 with 30 second increment} 1. Nf3 c5 2. g3 Nc6 3. Bg2
d5 4. O-O Nf6 5. d3 Bg4 6. Nbd2 h6 7. c4 e6 8. Qa4 Qc7 9. cxd5 exd5 10. e4 d4
11. b4 Nd7 12. b5 Nb6 13. Qc2 Nb4 14. Qb1 Na4 15. Nc4 Nc3 16. Qb3 Be7 17. Bd2
O-O 18. Bxc3 dxc3 19. Qxc3 Rad8 20. Rfd1 Bf6 21. e5 Be7 22. Ne3 Nd5 23. Nxd5
Rxd5 24. h3 Be6 25. a4 Rfd8 26. Kh2 Bf5 27. Bf1 Qd7 28. Ne1 f6 29. g4 Bg6 30.
f4 fxe5 31. f5 Bf7 32. Bg2 Rd4 33. Nf3 Qd6 34. Kg1 Rd5 35. Ne1 e4 36. Rac1 e3
37. Qc2 Bh4 38. Nf3 Bf2+ 39. Kh1 b6 40. d4 cxd4 41. Qd3 Rc5 42. Ng1 Bxg1 43.
Kxg1 Qg3 44. Re1 Bd5 45. Qe2 d3 46. Qf1 Rxc1 47. Rxc1 e2 0-1

[Event "USCL Manhattan vs New York"]
[Site "Chess.com"]
[Date "2013.10.15"]
[Round "8"]
[White "Izoria, Zviad"]
[Black "Gelashvili, Tamaz"]
[Result "1-0"]
[WhiteElo "2624"]
[BlackElo "2699"]
[PlyCount "73"]
[EventDate "2013.??.??"]
[EventCountry "USA"]

{Board 1, GM Izoria (Manhattan Applesauce) vs. GM Gelashvili (New York Knights)
Time Control: Game in 75 with 30 second increment} 1. e4 c5 2. Nf3 d6 3. d4
cxd4 4. Nxd4 Nf6 5. Nc3 g6 6. Be3 a6 7. f3 Nbd7 8. Qd2 b5 9. a4 bxa4 10. Nxa4
Bb7 11. c4 Bg7 12. Be2 O-O 13. O-O Qc7 14. b4 Rfc8 15. Rfc1 Ne5 16. Nb3 Nfd7
17. c5 dxc5 18. bxc5 Nc6 19. Rab1 Rd8 20. Qe1 a5 21. Nb6 Ra7 22. Nd5 Qe5 23.
Nxa5 $1 {Move of the Week (8)} Rxa5 24. Rxb7 Ra3 25. Bb5 Ndb8 26. Rd1 Kf8 27.
Bf4 Qe6 28. Bxb8 Nxb8 29. Rxe7 Qc8 30. Qb4 Ra2 31. c6 Kg8 32. c7 Rf8 33. Re8
Rxe8 34. Bxe8 Na6 35. Ne7+ Kh8 36. Nxc8 Nxb4 37. Nd6 1-0

[Event "USCL Manhattan vs New York"]
[Site "Chess.com"]
[Date "2013.10.15"]
[Round "8"]
[White "Checa, Nicolas"]
[Black "Goldenberg, Ryan"]
[Result "1/2-1/2"]
[WhiteElo "2267"]
[BlackElo "2348"]
[PlyCount "162"]
[EventDate "2013.??.??"]
[EventCountry "USA"]

{Board 4, NM Checa (New York Knights) vs. NM Goldenberg (Manhattan Applesauce)
Time Control: Game in 75 with 30 second increment} 1. d4 Nf6 2. c4 g6 3. Nc3 d5
4. Nf3 Bg7 5. Qb3 dxc4 6. Qxc4 O-O 7. e4 Nc6 8. Be2 Bg4 9. d5 Bxf3 10. gxf3 Ne5
11. Qb3 c6 12. f4 Ned7 13. dxc6 bxc6 14. Be3 Rb8 15. Qc2 Qa5 16. O-O Rxb2 17.
Qxb2 Nxe4 18. Qb7 Nxc3 19. Bf3 Nb6 20. Qxe7 Ncd5 21. Qc5 Qxc5 22. Bxc5 Bxa1 23.
Bxf8 Kxf8 24. Rxa1 Ke7 25. Re1+ Kd7 26. f5 c5 27. fxg6 hxg6 28. Kf1 Kd6 29.
Bxd5 Nxd5 30. Ke2 Nc3+ 31. Kd2 Nxa2 32. Ra1 Nb4 33. Rxa7 f6 34. h4 Nd5 35. Kd3
Ke5 36. Kc4 Nf4 37. Ra3 Kf5 38. Rg3 g5 39. hxg5 fxg5 40. Kxc5 g4 41. Kc4 Nh3
42. f3 Kf4 43. Rxg4+ Kxf3 44. Rh4 Nf4 45. Kd4 Ne2+ 46. Ke5 Ng3 47. Rf4+ Ke3 48.
Ra4 Ne2 49. Ra3+ Kd2 50. Kd5 Nc3+ 51. Kc4 Ne2 52. Rd3+ Ke1 53. Rf3 Kd2 54. Kd5
Nc3+ 55. Kd4 Ne2+ 56. Kc4 Nc1 57. Rf8 Ne2 58. Re8 Nf4 59. Re4 Ne2 60. Re7 Ng3
61. Kd5 Nf5 62. Rf7 Ne3+ 63. Ke4 Nd1 64. Kd4 Ke2 65. Re7+ Kf3 66. Rf7+ Ke2 67.
Rg7 Kf3 68. Rg1 Nf2 69. Ra1 Ng4 70. Kd3 Nf2+ 71. Kd2 Ne4+ 72. Kd3 Nf2+ 73. Kd4
Ng4 74. Ra3+ Kf4 75. Ra7 Nf6 76. Ra5 Ng4 77. Rh5 Nf6 78. Rh1 Kf5 79. Re1 Ng4
80. Rf1+ Ke6 81. Rg1 Nf6 1/2-1/2

[Event "USCL New Jersey vs Philadelphia"]
[Site "Chess.com"]
[Date "2013.10.15"]
[Round "8"]
[White "Dehmelt, Karl"]
[Black "Balakrishnan, Praveen"]
[Result "1-0"]
[WhiteElo "2260"]
[BlackElo "2240"]
[PlyCount "123"]
[EventDate "2013.??.??"]
[EventCountry "USA"]

{Board 4, FM Dehmelt (Philadelphia Inventors) vs. NM Balakrishnan (New Jersey
Knockouts)  Time Control: Game in 75 with 30 second increment} 1. e4 c6 2. d4
d5 3. exd5 cxd5 4. c4 Nf6 5. Nc3 Nc6 6. Nf3 Bg4 7. cxd5 Nxd5 8. Qb3 Bxf3 9.
gxf3 e6 10. Qxb7 Nxd4 11. Bb5+ Nxb5 12. Qc6+ Ke7 13. Qxb5 Nxc3 14. Qc5+ Qd6 15.
Qxc3 Qa6 16. Be3 Rc8 17. Qd4 Rc2 18. Qxa7+ Qxa7 19. Bxa7 Rxb2 20. a4 Rb7 21.
Be3 Kf6 22. O-O Bd6 23. a5 Ra8 24. a6 Rb5 25. Rfd1 Ke7 26. a7 Bc5 27. Rab1 Ra5
28. Rb7+ Kf6 29. Bxc5 Rxc5 30. Rdd7 g5 31. Rxf7+ Kg6 32. Rxh7 Ra5 33. Kg2 Ra1
34. Rhg7+ Kh6 35. Rge7 Ra6 36. Kg3 Kg6 37. Rg7+ Kh5 38. Rh7+ Kg6 39. Rbg7+ Kf6
40. f4 gxf4+ 41. Kxf4 Ra4+ 42. Kg3 Rc8 43. h4 Rc3+ 44. Kg2 Rca3 45. h5 Ra5 46.
Rg6+ Ke5 47. Rg5+ Kf4 48. Rxa5 Rxa5 49. Rg7 Kf5 50. h6 Kf6 51. Kf3 Ra4 52. Ke3
e5 53. Kd3 e4+ 54. Kc3 Ra1 55. Kd4 Ra4+ 56. Kd5 e3 57. fxe3 Ra6 58. Kc5 Ra1 59.
Kb6 Rb1+ 60. Kc7 Rc1+ 61. Kb8 Rb1+ 62. Rb7 1-0

[Event "USCL New Jersey vs Philadelphia"]
[Site "Chess.com"]
[Date "2013.10.15"]
[Round "8"]
[White "Wu, Christopher"]
[Black "Minear, Peter"]
[Result "0-1"]
[WhiteElo "2288"]
[BlackElo "2385"]
[PlyCount "84"]
[EventDate "2013.??.??"]
[EventCountry "USA"]

{Board 3, NM Wu (New Jersey Knockouts) vs. NM Minear (Philadelphia Inventors) 
Time Control: Game in 75 with 30 second increment} 1. e4 e5 2. Nf3 Nc6 3. Bb5
a6 4. Ba4 Nf6 5. O-O Bc5 6. c3 b5 7. Bc2 d5 8. d4 dxe4 9. Nxe5 Nxe5 10. dxc5
Qxd1 11. Rxd1 Bg4 12. f3 exf3 13. Re1 f2+ 14. Kxf2 Be6 15. Bf4 Ned7 16. c6 Nb8
17. a4 b4 18. a5 O-O 19. Ba4 Nd5 20. Bg3 Rc8 21. Bh4 h6 22. Re4 g5 23. Bg3 bxc3
24. Nxc3 Ne7 25. Rc1 Nbxc6 26. Ne2 Bd5 27. Re3 f5 28. Rd3 Be4 29. Rd7 f4 30.
Bxf4 gxf4 31. Nxf4 Rab8 32. Nh5 Rxb2+ 33. Ke3 Bf5 34. Bxc6 Bxd7 35. Bxd7 Rd8
36. Be6+ Kh8 37. Rxc7 Ng6 38. Rg7 Nh4 39. g3 Rb5 40. Bg4 Nf5+ 41. Bxf5 Rxf5 42.
g4 Rxh5 0-1

[Event "USCL New Jersey vs Philadelphia"]
[Site "Chess.com"]
[Date "2013.10.15"]
[Round "8"]
[White "Stripunsky, Alex"]
[Black "Bartell, Tom"]
[Result "1-0"]
[WhiteElo "2651"]
[BlackElo "2496"]
[PlyCount "127"]
[EventDate "2013.??.??"]
[EventCountry "USA"]

{Board 1, GM Stripunsky (New Jersey Knockouts) vs. FM Bartell (Philadelphia
Inventors)  Time Control: Game in 75 with 30 second increment} 1. e4 e6 2. d4
d5 3. Nd2 c5 4. Ngf3 cxd4 5. Nxd4 Nc6 6. Bb5 Bd7 7. Nxc6 Bxc6 8. Bxc6+ bxc6 9.
c4 dxe4 10. Nxe4 Qxd1+ 11. Kxd1 Be7 12. Kc2 Nf6 13. Nxf6+ Bxf6 14. Rd1 Ke7 15.
Be3 Rhb8 16. Rab1 Ke8 17. Rd6 Rc8 18. Rbd1 Rab8 19. b3 Rb7 20. R6d3 Rd8 21. g4
Rxd3 22. Rxd3 h6 23. Bd2 c5 24. Be3 Be7 25. a3 Rd7 26. Bd2 a6 27. b4 cxb4 28.
axb4 Rxd3 29. Kxd3 Kd7 30. b5 axb5 31. cxb5 Bf8 32. h4 g6 33. h5 gxh5 34. gxh5
f5 35. Kc4 Kc7 36. Ba5+ Kb7 37. Bb4 Bg7 38. Bc3 Bf8 39. Bf6 Kb6 40. Bh8 Ba3 41.
Bd4+ Kb7 42. Bg7 Bc1 43. Bf8 Kc7 44. Bc5 Bb2 45. Bd4 Ba3 46. Be5+ Kb7 47. Bf4
Bf8 48. Kd4 Bg7+ 49. Kc5 Bf8+ 50. Bd6 Bg7 51. Be7 Be5 52. Bf8 Bf4 53. Bg7 Kc7
54. b6+ Kb7 55. f3 e5 56. Kd5 e4 57. fxe4 fxe4 58. Kxe4 Bg5 59. Bd4 Kc6 60. Kf5
Bd2 61. Kg6 Bc1 62. Bg7 Kxb6 63. Bxh6 Bb2 64. Bg5 1-0

[Event "USCL New Jersey vs Philadelphia"]
[Site "Chess.com"]
[Date "2013.10.15"]
[Round "8"]
[White "Gorman, Dov"]
[Black "Katz, Alexander"]
[Result "0-1"]
[WhiteElo "2362"]
[BlackElo "2362"]
[PlyCount "98"]
[EventDate "2013.??.??"]
[EventCountry "USA"]

{Board 2, FM Gorman (Philadelphia Inventors) vs. NM Katz (New Jersey Knockouts)
Time Control: Game in 75 with 30 second increment} 1. c4 Nf6 2. Nc3 e6 3. Nf3
Bb4 4. g4 O-O 5. g5 Ne8 6. Qc2 b6 7. Qe4 Nc6 8. Rg1 Bb7 9. Qh4 Ne7 10. a3 Ng6
11. Qh5 Bd6 12. d4 c5 13. d5 exd5 14. cxd5 Nc7 15. e4 Qe7 16. Be3 b5 17. Bd3
Bf4 18. Rg4 Bxe3 19. fxe3 Nxd5 20. Nxd5 Bxd5 21. exd5 Qxe3+ 22. Be2 Rfe8 23.
Ng1 Nf4 24. Rxf4 Qxf4 25. Qf3 Qxg5 26. Kf2 Re5 27. Nh3 Qh4+ 28. Kg2 Rae8 29.
Ng1 Re3 30. Qf2 Qg5+ 31. Kh1 Qxd5+ 32. Bf3 Qe5 33. Rd1 d6 34. Rd5 Qf6 35. Rd2
R3e5 36. Qg3 Rg5 37. Qf2 d5 38. Nh3 Rf5 39. Ng1 d4 40. b4 Re3 41. Re2 Qe5 42.
Rxe3 dxe3 43. Qh4 g5 44. Qg4 c4 45. Ne2 Qf6 46. Kg2 h5 47. Qg3 g4 48. Ng1 Rxf3
49. Qb8+ Kg7 0-1

[Event "USCL Connecticut vs Boston"]
[Site "Chess.com"]
[Date "2013.10.15"]
[Round "8"]
[White "Shmelov, Denys"]
[Black "Rohde, Michael"]
[Result "1/2-1/2"]
[WhiteElo "2465"]
[BlackElo "2548"]
[PlyCount "105"]
[EventDate "2013.??.??"]
[EventCountry "USA"]

{Board 2, SM Shmelov (Boston Blitz) vs. GM Rohde (Connecticut Dreadnoughts) 
Time Control: Game in 75 with 30 second increment} 1. d4 Nf6 2. c4 e6 3. Nc3
Bb4 4. Qc2 c5 5. dxc5 O-O 6. a3 Bxc5 7. Nf3 b6 8. Bf4 Bb7 9. Rd1 a5 10. e3 Na6
11. Be2 Be7 12. e4 Nc5 13. e5 Nfe4 14. Nxe4 Bxe4 15. Qc3 a4 16. O-O f6 17. Nd4
g5 18. exf6 gxf4 19. fxe7 Qxe7 20. f3 Bg6 21. Nb5 Rf5 22. Nd6 Rg5 23. Rf2 Qg7
24. Qb4 Rb8 25. Bf1 Qf6 26. Qd2 Rf8 27. Qb4 Rh5 28. Qd2 Qh4 29. h3 Qg3 30. Kh1
Bf5 31. Qe1 Bg6 32. Rfd2 Qxe1 33. Rxe1 Kg7 34. Kg1 Nb3 35. Rf2 Kf6 36. Rd1 Re5
37. Bd3 Ke7 38. Bxg6 hxg6 39. Rc2 Re3 40. Kf2 Nc5 41. Rcd2 Kf6 42. Rd4 g5 43.
R4d2 Rb3 44. Ke2 Ke5 45. Kf2 Rb8 46. Re1+ Kf6 47. Red1 Ra8 48. Ke2 Re3+ 49. Kf2
Ra5 50. Kf1 Rb3 51. Kf2 Re3 52. Kf1 Rb3 53. Kf2 1/2-1/2

[Event "USCL Connecticut vs Boston"]
[Site "Chess.com"]
[Date "2013.10.15"]
[Round "8"]
[White "Hess, Robert"]
[Black "Esserman, Marc"]
[Result "1-0"]
[WhiteElo "2636"]
[BlackElo "2569"]
[PlyCount "51"]
[EventDate "2013.??.??"]
[EventCountry "USA"]

{Board 1, GM Hess (Connecticut Dreadnoughts) vs. IM Esserman (Boston Blitz) 
Time Control: Game in 75 with 30 second increment} 1. c4 e5 2. Nc3 Nf6 3. Nf3
Nc6 4. e3 Bb4 5. Qc2 O-O 6. Nd5 Re8 7. Qf5 Be7 8. Nxe5 d6 9. Nxc6 bxc6 10.
Nxe7+ Qxe7 11. Qc2 Ng4 12. h3 Ne5 13. d4 Ng6 14. g3 Qg5 15. h4 Qf6 16. Bg2 Bf5
17. Qd1 Re4 18. f3 Nxh4 19. gxh4 Rxh4 20. Kf2 Re8 21. Bd2 Rxd4 22. exd4 Qxd4+
23. Kg3 Re6 24. Bg5 Qe5+ 25. f4 Qxb2 26. Qb3 1-0

[Event "USCL Connecticut vs Boston"]
[Site "Chess.com"]
[Date "2013.10.15"]
[Round "8"]
[White "Krasik, Ilya"]
[Black "Tanenbaum, Zachary"]
[Result "0-1"]
[WhiteElo "2286"]
[BlackElo "2143"]
[PlyCount "70"]
[EventDate "2013.??.??"]
[EventCountry "USA"]

{Board 4, NM Krasik (Boston Blitz) vs. Tanenbaum (Connecticut Dreadnoughts) 
Time Control: Game in 75 with 30 second increment  Upset Prize Winner (Week 8)
} 1. d4 d5 2. c4 Bf5 3. cxd5 Bxb1 4. Qa4+ c6 5. dxc6 Nxc6 6. Rxb1 e5 7. Bd2
Qxd4 8. Qxd4 Nxd4 9. e3 Nc6 10. b4 Rc8 11. Nf3 Bd6 12. Rc1 Nf6 13. b5 Ne7 14.
Rxc8+ Nxc8 15. Bc4 Ne4 16. Bd5 Nxd2 17. Kxd2 b6 18. Bc6+ Ke7 19. Ke2 f6 20. Rc1
Bb8 21. g4 g6 22. h4 Nd6 23. g5 Rc8 24. a4 Nf5 25. Rd1 Bd6 26. gxf6+ Kxf6 27.
Ng5 h6 28. Ne4+ Ke7 29. Rd5 Ke6 30. f4 Rxc6 31. Rd2 Rc4 32. Kd3 Rxa4 33. Nc3
Ra3 34. Kc2 Nxe3+ 35. Kd3 Nd5 0-1

[Event "USCL New England vs Baltimore"]
[Site "Chess.com"]
[Date "2013.10.15"]
[Round "8"]
[White "Brattain, Mika"]
[Black "Defibaugh, Jared"]
[Result "1/2-1/2"]
[WhiteElo "2364"]
[BlackElo "2297"]
[PlyCount "104"]
[EventDate "2013.??.??"]
[EventCountry "USA"]

{Board 3, NM Brattain (New England Nor'easters) vs. NM Defibaugh (Baltimore
Kingfishers)  Time Control: Game in 75 with 30 second increment} 1. Nf3 f5 2.
d4 Nf6 3. g3 g6 4. Bg2 Bg7 5. O-O O-O 6. c4 d6 7. Nc3 Qe8 8. Re1 e5 9. e4 f4
10. gxf4 Nh5 11. dxe5 dxe5 12. Nd5 Na6 13. fxe5 Bg4 14. Nf6+ Nxf6 15. exf6 Rxf6
16. Qd5+ Kh8 17. e5 Rf8 18. Qe4 Bf5 19. Qh4 Nb4 20. Ng5 h5 21. Bf4 Nc2 22. Rac1
Nxe1 23. Rxe1 c6 24. e6 Qe7 25. Qg3 Rad8 26. c5 Rd3 27. Bd6 Rxg3 28. Bxe7 Re8
29. hxg3 Rxe7 30. Nf7+ Kg8 31. Nd6 Rxe6 32. Rxe6 Bxe6 33. b3 b6 34. cxb6 axb6
35. Bxc6 Kf8 36. Be4 Ke7 37. Nb5 g5 38. Nc7 h4 39. Nxe6 Kxe6 40. gxh4 gxh4 41.
Bd3 Bd4 42. Kg2 Ke5 43. Kf3 Kd6 44. Bf5 Kc5 45. a4 Kd6 46. Bh3 Ke5 47. Bg4 Bc5
48. Kg2 Kf4 49. f3 Bb4 50. Kh3 Kg5 51. Bd7 Bc3 52. Kg2 Kf4 1/2-1/2

[Event "USCL Manhattan vs New York"]
[Site "Chess.com"]
[Date "2013.10.15"]
[Round "8"]
[White "Salimbagat, Rico"]
[Black "King, Alex"]
[Result "1-0"]
[WhiteElo "2259"]
[BlackElo "2297"]
[PlyCount "81"]
[EventDate "2013.??.??"]
[EventCountry "USA"]

{Board 3, FM Salumbagat (Manhattan Applesauce) vs. NM King (New York Knights) 
Time Control: Game in 75 with 30 second increment} 1. e4 c5 2. Nf3 e6 3. d4
cxd4 4. Nxd4 a6 5. Nc3 Qc7 6. a3 Nf6 7. f4 d6 8. Be2 Be7 9. Bf3 O-O 10. Be3 Nc6
11. Qd2 Nxd4 12. Bxd4 e5 13. Be3 exf4 14. Bxf4 Be6 15. O-O-O Rfd8 16. Qe2 Rac8
17. Rd2 Nd7 18. Bg4 Bxg4 19. Qxg4 Nf6 20. Qf3 Qc6 21. g4 Re8 22. Rf1 Bf8 23.
Re2 Nd7 24. Bg3 f6 25. h4 Re6 26. g5 Rce8 27. Nd5 Be7 28. Nf4 Re5 29. Nd5 Re6
30. Qg4 Bd8 31. Kb1 fxg5 32. hxg5 Rg6 33. Rf5 Nf6 34. Nxf6+ Bxf6 35. Qh5 Rxe4
36. gxf6 gxf6 37. Rxe4 Qxe4 38. Qf3 Qd4 39. Bf2 Qd2 40. Rd5 Qh6 41. Rxd6 1-0

[Event "USCL New England vs Baltimore"]
[Site "Chess.com"]
[Date "2013.10.15"]
[Round "8"]
[White "Enkhbat, Tegshsuren"]
[Black "Winer, Steven"]
[Result "1/2-1/2"]
[WhiteElo "2492"]
[BlackElo "2409"]
[PlyCount "179"]
[EventDate "2013.??.??"]
[EventCountry "USA"]

{Board 2, IM Enkhbat (Baltimore Kingfishers) vs. FM Winer (New England
Nor'easters)  Time Control: Game in 75 with 30 second increment} 1. d4 d5 2. c4
c6 3. Nf3 Nf6 4. Qb3 e6 5. g3 Be7 6. Bg2 O-O 7. O-O b6 8. Nc3 Ba6 9. cxd5 cxd5
10. Ne5 Bb7 11. Bf4 Nc6 12. Nxc6 Bxc6 13. Rfc1 Qd7 14. a4 Rfc8 15. a5 bxa5 16.
Rxa5 Bd8 17. Ra6 Bb6 18. Qd1 Bb7 19. Raa1 Bc6 20. e3 Ne8 21. h4 Bc7 22. Bxc7
Rxc7 23. Ne2 Rac8 24. Nf4 Bb5 25. Rxc7 Qxc7 26. Bh3 Rb8 27. b3 Qb6 28. Qc1 Nf6
29. Qa3 Be8 30. Qxa7 Qxa7 31. Rxa7 Rxb3 32. g4 Rb6 33. f3 h6 34. Ra8 Kf8 35. g5
hxg5 36. hxg5 Nh7 37. g6 Ng5 38. gxf7 Nxh3+ 39. Nxh3 Kxf7 40. Kf2 Bc6 41. Ra7+
Kf6 42. Nf4 Be8 43. Nd3 Bh5 44. Ra3 g5 45. Ne5 Rb2+ 46. Kg3 Re2 47. Rb3 Kg7 48.
Rb7+ Kg8 49. Nd7 Bg6 50. Nf6+ Kf8 51. Rb3 Kg7 52. Ng4 Bf5 53. Ne5 Kg8 54. f4
gxf4+ 55. Kxf4 Rg2 56. Rb8+ Kg7 57. Rb7+ Kh6 58. Nf7+ Kg6 59. Nd6 Bh3 60. Ne8
Rg4+ 61. Kf3 Rg5 62. Rg7+ Kh6 63. Rf7 Rg1 64. Re7 Rg6 65. Nd6 Kg5 66. Rh7 Bg4+
67. Kg3 Bf5 68. Rf7 Rf6 69. Rxf6 Kxf6 70. Kf4 Bg6 71. Nb7 Bf5 72. Nc5 Bc2 73.
Nd7+ Ke7 74. Ne5 Bf5 75. Kg5 Be4 76. Ng4 Bf5 77. Nh6 Be4 78. Kf4 Kd6 79. Nf7+
Ke7 80. Ng5 Bf5 81. Ke5 Bg4 82. Nh7 Bf5 83. Nf6 Bh3 84. Nh5 Bf5 85. Nf4 Bg4 86.
Ng6+ Kf7 87. Nf4 Ke7 88. Ng6+ Kf7 89. Nf4 Ke7 90. Ng6+ 1/2-1/2

[Event "USCL New England vs Baltimore"]
[Site "Chess.com"]
[Date "2013.10.15"]
[Round "8"]
[White "Shankland, Sam"]
[Black "Bregadze, Levan"]
[Result "1/2-1/2"]
[WhiteElo "2673"]
[BlackElo "2469"]
[PlyCount "214"]
[EventDate "2013.??.??"]
[EventCountry "USA"]

{Board 1, GM Shankland (New England Nor'easters) vs. IM Bregadze (Baltimore
Kingfishers)  Time Control: Game in 75 with 30 second increment} 1. d4 Nf6 2.
Nf3 g6 3. Bg5 Bg7 4. Nbd2 O-O 5. c3 d6 6. e4 Nbd7 7. Bd3 e5 8. O-O Qe7 9. Re1
h6 10. Bh4 Re8 11. Qc2 Qf8 12. Rad1 Nh5 13. Nc4 Nf4 14. Bf1 a6 15. a4 b6 16.
Qd2 b5 17. axb5 axb5 18. Na3 c6 19. Bg3 g5 20. d5 cxd5 21. Bxf4 dxe4 22. Nxg5
hxg5 23. Bxg5 Nc5 24. Nxb5 Bg4 25. Nc7 Bxd1 26. Rxd1 Ne6 27. Nxe8 Qxe8 28. Bh4
Qa4 29. g3 Rb8 30. b4 d5 31. Qxd5 Nd4 32. Rxd4 exd4 33. cxd4 Qxb4 34. Qxe4 Qxd4
35. Qf5 Qe5 36. Qf3 Qc3 37. Bd3 Re8 38. Kg2 Re6 39. Qa8+ Bf8 40. Be4 Qa3 41.
Qd5 Qd6 42. Qg5+ Bg7 43. Qf5 Qe5 44. Qh7+ Kf8 45. Bf3 Rg6 46. Bd8 Bh6 47. h4
Qg7 48. Qxg7+ Bxg7 49. Be4 Re6 50. f3 Be5 51. Kh3 Kg7 52. Kg4 Re8 53. Bg5 f6
54. Be3 Kh8 55. Bf2 Rg8+ 56. Kh3 Rb8 57. f4 Bc3 58. Kg4 Kg7 59. h5 Rb5 60. Bg6
Rb2 61. Bc5 Rb3 62. Bc2 Rb5 63. h6+ Kg8 64. Be3 Kh8 65. Bg6 Rb3 66. Kf5 Rb5+
67. Ke6 Ra5 68. g4 Ra6+ 69. Kf7 Rc6 70. Bf5 Rc7+ 71. Kg6 Rc6 72. Bf2 Bd2 73.
Bg3 Rc3 74. Bh4 Rc6 75. Be4 Ra6 76. f5 Bc3 77. Bf2 Ra4 78. Bf3 Rf4 79. Bc5 Rxf3
80. Bf8 Rh3 81. Bg7+ Kg8 82. g5 fxg5 83. h7+ Rxh7 84. Bxc3 g4 85. Be5 g3 86. f6
g2 87. Bd4 Rc7 88. Be3 Rd7 89. Bc5 Rb7 90. Be3 Rc7 91. Bd4 Rc6 92. Be3 Re6 93.
Bc5 Rc6 94. Be3 Rc7 95. Bd4 Kf8 96. Be3 Ke8 97. Bd4 Rb7 98. Bc5 Rd7 99. Be3 Rf7
100. Bc5 Rc7 101. Be3 Kf8 102. Bh6+ Kg8 103. Be3 Rd7 104. Bc5 Rd6 105. Be3 Re6
106. Bc5 Rc6 107. Be3 Rc7 1/2-1/2